| 000 | 00538nam a2200193 a 4500 | ||
|---|---|---|---|
| 005 | 20210219152825.0 | ||
| 008 | 991125n 000 0 eng u | ||
| 035 | _aUPN01000062408 | ||
| 100 | _aKlatt, Beverly | ||
| 222 | _aCHILDREN'S LITERATURE IN EDUCATION | ||
| 245 | _aAbraham Lincoln : deified martyr, flesh and blood hero, and a man with warts | ||
| 300 | _a119-129 | ||
| 362 | _a1992 23, No. 3 | ||
| 505 | _aMayo 1993 | ||
| 653 | 0 | _aBIOGRAFIA | |
| 653 | 0 | _aLITERATURA INFANTIL | |
| 904 |
_aAC _b000219 |
||
| 905 | _aArticulo | ||
| 999 |
_c61705 _d61705 |
||